000 00415nam a2200205Ia 4500
001 000802
003 YMCAF
005 20230512160034.0
008 100717s1971 ||||||||||||||||| ||und|d
024 _a802
035 _a784
040 _aYMCAF
_beng
_cIN-KoLT
041 _aeng
082 _aMAC-SHE
100 _aSHEA JOHNG
245 0 _aMACHINE TECHNOLOGY
260 _c1971
300 _a0
942 _2ddc
_cBK
999 _c625
_d625